000 00695nam a2200277Ia 4500
005 20260324125907.0
008 008 260324s9999 xx 000 0 eng d
020 _a9781315576374
037 _aEBOOK
040 _aCRL
040 _beng
040 _cCRL
041 _2eng
041 _aeng
084 _qCRL
100 _aMarina Della Giusta; Vanessa E. Munro
_91179735
245 0 _aDemanding Sex: Critical Reflections on the Regulation of Prostitution
260 _bTaylor and Francis
260 _c2008
365 _a
365 _b255
856 _uhttp://www.taylorfrancis.com/books/9781315576374
942 _cEBOOK
999 _c1775382
_d1775382